Nadežnosť mašin /

Gespeichert in:
Bibliographische Detailangaben
1. Verfasser: Pronikov, Aleksandr S (Verfasst von)
Format: Buch
Sprache:Russisch
Veröffentlicht: Moskva : Mašinostrojenije, 1978
Tags: Tag hinzufügen
Keine Tags, Fügen Sie das erste Tag hinzu!

MARC

LEADER 00000nam a22000003a 4500
001 stu41032
005 20150617225721.2
008 930621s1978----xxr-----------------rus-d
040 |a STU  |b slo 
041 0 |a rus 
044 |a xxr 
100 1 |a Pronikov, Aleksandr S  |4 aut 
245 1 |a Nadežnosť mašin /  |c [aut.]Aleksandr S. Pronikov 
260 |a Moskva :  |b Mašinostrojenije,  |c 1978 
300 |a 590 s 
996 |b 284M062322  |c M*6756-1  |l MMKN  |s A  |a 24  |w stu41032_0001